Library of the University of Algiers 3
Ibrahim Sultan Cheibout
شعار جامعة الجزائر 3
مكتبة جامعة الجزائر 3
إبراهيم سلطان شيبوط

الاقتصاد الجزئي 2 : (رقم التسجيلة. 41275)

تفاصيل مارك
000 -LEADER
fixed length control field 02556nam a2200205Ia 4500
003 - CONTROL NUMBER IDENTIFIER
control field Ost
005 - DATE AND TIME OF LATEST TRANSACTION
control field 20260416102357.0
008 - FIXED-LENGTH DATA ELEMENTS--GENERAL INFORMATION
fixed length control field 260416s9999||||xx |||||||||||||| ||und||
040 ## - CATALOGING SOURCE
Transcribing agency fsecg
041 ## - LANGUAGE CODE
Language code of text/sound track or separate title ara
082 ## - DEWEY DECIMAL CLASSIFICATION NUMBER
Classification number 338.5
100 ## - MAIN ENTRY--PERSONAL NAME
Personal name غزلان، سعيد
Relator term مؤلف
245 #0 - TITLE STATEMENT
Title الاقتصاد الجزئي 2 :
Remainder of title دروس و تمارين محلولة /
Statement of responsibility, etc. سعيد غزلان
260 ## - PUBLICATION, DISTRIBUTION, ETC.
Place of publication, distribution, etc. الجزائر
Name of publisher, distributor, etc. جامعة الجزائر3: كلية العلوم الإقتصادية، العلوم التجارية وعلوم التسيير
Date of publication, distribution, etc. 2021
300 ## - PHYSICAL DESCRIPTION
Extent 136 ورقة
Other physical details ايضاحات
Dimensions 30 سم
520 ## - SUMMARY, ETC.
Summary, etc. الفصل الاول: نظرية سلوك المنتج مقسم الى مفهوم الانتاج، دالة النتاج، توازن المنتج، دالة انتاج كوب دوقلاص Coob Douglas. الفصل الثاني: تكاليف الانتاج ( نفقات الانتاج) مقسم الى تكاليف النتائج فيالمدى القصير، تكاليف النتاج في المدى الطويل. الفصل الثالثّ: الايرادات و الارباح مقسم الى الايرادات، الربح، عتبة المردودية و عتبة الغلق. الفصل الرابع: سوق المنافسة الكاملة. الفصل الخامس: سوق الاحتكار التام. الفصل السادس: احتكار القلة. الفصل السابع: المنافسة الاحتكارية. الفصل الثامن: التوازن العام و اقتصاد الرفاهية.
653 ## - INDEX TERM--UNCONTROLLED
Uncontrolled term الاقتصاد الجزئي
710 ## - ADDED ENTRY--CORPORATE NAME
Corporate name or jurisdiction name as entry element جامعة الجزائر3: كلية العلوم الإقتصادية، العلوم التجارية وعلوم التسيير
Relator term ناشر علمي
942 ## - ADDED ENTRY ELEMENTS (KOHA)
Koha item type مطبوعات
المقتنيات
Withdrawn status Lost status Source of classification or shelving scheme Damaged status Not for loan Home library Current library Date acquired Serial enumeration / chronology Inventory number Total checkouts Full call number Barcode Date last seen Price effective from Koha item type
    Dewey Decimal Classification   NOT LOAN / إعارة داخلية مكتبة كلية العلوم الإقتصادية والعلوم التجارية وعلوم التسيير مكتبة كلية العلوم الإقتصادية والعلوم التجارية وعلوم التسيير 16/04/2026 الطابق الثاني مط.2/482-1   مط.2/482 ن1 مط.2/482-1 16/04/2026 16/04/2026 مطبوعات

موارد الويب المفتوحة


© University of Algiers 3 All Rights Reserved
|
Implemented by LECHELAH Riad